00000000nam##2200000za#4500
0019.576397
003CaOODSP
00520210624185123
007cr |||||||||||
008150406|1982||||xxc|||||o    f|0| 0 eng|d
040 |aCaOODSP|beng
043 |an-cn---
0861 |aFs97-13/353E-PDF
1101 |aCanada. |bDepartment of Fisheries and Oceans.
24510|aSummary of catch statistics from the northern Labrador commercial Arctic charr (Salvelinus alpinus) fishery / |h[electronic resource]|cby L.J. LeDrew and J.S. Dempson.
260 |aSt. John's - Newfoundland and Labrador : |bFisheries and Oceans Canada |c1982.
300 |a58p.|btables
4901 |aCanadian data report of fisheries and aquatic sciences|vNo. 353
500 |aOn t.p.: Fisheries Research Branch, St. John's, Newfoundland. Catalogue number of the print edition appears in the PDF version.
546 |a(Résumé en français)
590 |a13-12-Supp|b2013-05-10
7201 |aLeDrew, L. J.
7201 |aDempson, J. S.
830#0|aCanadian data report of fisheries and aquatic sciences ;|vNo. 353|w(CaOODSP)9.505124
85640|ahttp://publications.gc.ca|qPDF|s989 KB|uhttps://publications.gc.ca/collections/collection_2013/mpo-dfo/Fs97-13-353-eng.pdf|yNo. 353